000 01429nam a2200289Ia 4500
003 OSt
005 20200712003856.0
008 191128s2015 ck ad fr 000 0 spa d
020 _a9789589831113
040 _aCO-JMCR
_cCO-JMCR
041 0 _aspa
082 0 4 _a338.2 /
_bB423m
_223
100 1 _aBejarano Barrera, Edgar,
_eautor
_97114
245 1 0 _aMinería y petróleo :
_bdel daño al riesgo y del riesgo a una oportunidad estratégica de cambio /
_cEdgar Bejarano Barrera
250 _aPrimera edición
260 _aBogotá :
_bFundación Avina,
_c2015
300 _a180 páginas :
_bgráficos a color ;
_c23 cm.
500 _aIncluye notas a pie de página.
505 0 _aMinería y petróleo: ¿un riesgo o una oportunidad de cambio? --Diagnóstico de Colombia frente a la maldición -- Comentarios sobre la minería y el petróleo en Colombia
520 3 _aSomos un espacio de diálogo permanente y de generación de confianza entre los sectores minero, ambientalista, académico y de derechos humanos, para establecer un diálogo profundo con el Estado y hacer de la minería un sector estratégico.
650 1 4 _aIndustria minera
_xestudios comparados
_97115
650 1 4 _aIndustria del petróleo
_zColombia
_97116
650 1 4 _aIndustria minera
_zColombia
_97117
650 1 4 _aGastos públicos
_y1980-2012
_zColombia
_97118
650 1 4 _aMaldición de los recursos
_zColombia
_97119
942 _2ddc
_cBK
999 _c6341
_d6341